| Tag |
First Indicator |
Second Indicator |
Subfields |
| LEADER |
00000cam a22000007a 4500 |
| 001 |
in00001491069 |
| 008 |
990719s1999 iluab b f000 0 eng d |
| 005 |
20230331145727.5 |
| 035 |
|
|
|a (OCoLC)41900336
|
| 035 |
|
|
|9 AJJ3370AM
|
| 035 |
|
|
|a in00001491069
|
| 040 |
|
|
|d GPO
|d DLC
|d MvI
|d UtOrBLW
|
| 043 |
|
|
|a n-us-il
|a n-us-in
|a n-us-wi
|
| 049 |
|
|
|a UDOC
|a UDOC
|
| 049 |
|
|
|a WWW
|
| 074 |
|
|
|a 0624-B
|
| 074 |
|
|
|a 0624-B (online)
|
| 086 |
0 |
|
|a I 19.42/4:98-4268
|
| 245 |
0 |
0 |
|a Environmental setting of the upper Illinois River Basin and implications for water quality /
|c by Terri L. Arnold [and others].
|
| 264 |
|
1 |
|a Urbana, Ill. :
|b U.S. Dept. of the Interior, U.S. Geological Survey ;
|c 1999.
|
| 264 |
|
2 |
|a Denver, CO :
|b U.S. Geological Survey, Branch of Information Services [distributor],
|
| 300 |
|
|
|a vii, 67 pages :
|b illustrations (some color), maps (some color) ;
|c 28 cm.
|
| 336 |
|
|
|a text
|b txt
|2 rdacontent
|
| 337 |
|
|
|a unmediated
|b n
|2 rdamedia
|
| 338 |
|
|
|a volume
|b nc
|2 rdacarrier
|
| 490 |
1 |
|
|a Water-resources investigations report ;
|v 98-4268
|
| 500 |
|
|
|a "National Water-Quality Assessment Program"--Cover.
|
| 500 |
|
|
|a Shipping list number: 99-0294-P.
|
| 504 |
|
|
|a Includes bibliographical references (pages 57-63).
|
| 530 |
|
|
|a Also available via Internet from the USGS web site (PDF file only). Address as of 7/27/99: http://il.water.usgs.gov/nawqa/uirb/pubs/reports/envsetrpt.pdf; current access is available via PURL.
|
| 651 |
|
0 |
|a Illinois River Watershed
|x Environmental conditions.
|
| 650 |
|
0 |
|a Water quality
|z Illinois River Watershed.
|
| 650 |
|
0 |
|a Water quality
|z Indiana.
|
| 650 |
|
0 |
|a Water quality
|z Wisconsin.
|
| 700 |
1 |
|
|a Arnold, Terri L.
|
| 710 |
2 |
|
|a Geological Survey (U.S.)
|
| 710 |
2 |
|
|a National Water-Quality Assessment Program (U.S.)
|
| 830 |
|
0 |
|a Water-resources investigations report ;
|v 98-4268.
|
| 856 |
4 |
1 |
|u https://purl.fdlp.gov/GPO/LPS3125
|z Adobe Acrobat Reader required to view document
|t 0
|
| 999 |
|
|
|a MARS
|
| 999 |
f |
f |
|i 5e37a102-f946-39b8-9b07-65d2f465fb22
|s 37c0e68b-d2bb-3dbd-86e0-8e989e682fb4
|t 0
|
| 952 |
f |
f |
|p normal
|a Texas A&M University
|b College Station
|c Sterling C. Evans Library
|d Evans: US Documents (Annex 5th floor)
|t 0
|e I 19.42/4:98-4268
|h Superintendent of Documents classification
|i unmediated -- volume
|m A14824275632
|
| 952 |
f |
f |
|a Texas A&M University
|b College Station
|c Electronic Resources
|d Available Online
|t 0
|e I 19.42/4:98-4268
|h Superintendent of Documents classification
|
| 998 |
f |
f |
|a I 19.42/4:98-4268
|t 0
|l Evans: US Documents (Annex 5th floor)
|
| 998 |
f |
f |
|a I 19.42/4:98-4268
|t 0
|l Available Online
|